000 00436nam a2200205Ia 4500
001 002277
003 YMCAF
005 20230512160135.0
008 100717s9999 ||||||||||||||||| ||und|d
024 _a2277
035 _a2258
040 _aYMCAF
_beng
_cIN-KoLT
041 _aeng
082 _a621.381
_bBRA
100 _aBRANSON L.K.
245 0 _aINTRODUCTION TO ELECTRONICS
260 _c19872
300 _a0
942 _2ddc
_cBK
999 _c1833
_d1833